000 00297nam a22001337a 4500
008 171102b xxu||||| |||| 00| 0 eng d
020 _a9780073080062
041 _aeng
080 _a339.138
100 _a60
101 _aMAR
245 _aINTERNATIONAL MARKETING
_cCATEORA.G
942 _2udc
_cBK
999 _c37348
_d37348